[Event "Sparkassen-Open J"]
[Site "Heusenstamm, Martinsee"]
[Date "2019.11.24"]
[Round "7.6"]
[White "Albrecht, Angelique"]
[Black "Kamleiter, Noah"]
[Result "1/2-1/2"]
[WhiteElo "1185"]
[BlackElo "1395"]
[PlyCount "184"]
[EventDate "2019.??.??"]
[WhiteTeam "SV Multatuli Ingelheim e.V."]
[BlackTeam "TSV Bindlach Aktionär"]

1. e4 c5 2. Nc3 Nc6 3. Bc4 g6 4. Nf3 Bg7 5. d3 Nf6 6. Bg5 O-O 7. O-O Na5 8. b3
Nxc4 9. bxc4 Qa5 10. Bd2 Qc7 11. Rb1 d6 12. Ne2 Bg4 13. Ng3 Nh5 14. h3 Nxg3 15.
fxg3 Bd7 16. Qc1 Rab8 17. Bg5 e6 18. Nh2 e5 19. Qd2 a6 20. Bh6 b5 21. Bxg7 Kxg7
22. cxb5 axb5 23. Rf2 Ra8 24. c3 Be6 25. Rb2 Ra3 26. Qe2 Rfa8 27. c4 bxc4 28.
dxc4 Rxg3 29. Rb3 Rxb3 30. axb3 Ra1+ 31. Nf1 Qa5 32. Kh2 Re1 33. Qf3 f5 34. Qd3
Qb6 35. exf5 Bxf5 36. Qf3 Rb1 37. g4 Rxb3 38. Ne3 Rxe3 39. Qxe3 Bc8 40. Qf3 Qd8
41. Qf7+ Kh6 42. Qf8+ Qxf8 43. Rxf8 Ba6 44. Rd8 Bxc4 45. Rxd6 e4 46. Rc6 e3 47.
Rxc5 e2 48. Re5 Kg7 49. Kg3 Kf6 50. Re3 g5 51. Kf2 h6 52. Rc3 Bb5 53. Rc5 Bd3
54. Rc6+ Kg7 55. Rc1 Ba6 56. Rh1 Bb7 57. Rh2 Ba6 58. Rh1 Bb5 59. Ke3 Bc4 60.
Kd4 Bb5 61. Ke5 Kg6 62. Kd4 Kg7 63. Ke3 Bc4 64. Kd2 Bb5 65. Rb1 Ba6 66. Rb6 Bc4
67. Rb7+ Kg6 68. Re7 Kf6 69. Re4 Ba6 70. Kc3 Bb5 71. Kd4 Ba6 72. Kc5 Bd3 73.
Re3 Ba6 74. Kd6 Bc4 75. Re7 Kg6 76. Re4 Bd3 77. Re6+ Kg7 78. Kd7 Bb5+ 79. Kd8
Kf7 80. Re5 Ba6 81. Kd7 Bc4 82. Kd6 Kf6 83. Re3 Kf7 84. Ke5 Bd3 85. Kd4 Bb5 86.
Kc3 Kf6 87. Kd2 Kf7 88. Rg3 Kf6 89. Rg1 Kf7 90. Rh1 Kg6 91. Rb1 Bc4 92. Rb6+
Kg7 1/2-1/2

[Event "Sparkassen-Open J"]
[Site "Heusenstamm, Martinsee"]
[Date "2019.11.24"]
[Round "7.7"]
[White "Yue, Qihang"]
[Black "Zhao, Yunsheng"]
[Result "1-0"]
[WhiteElo "1376"]
[BlackElo "1145"]
[PlyCount "97"]
[EventDate "2019.??.??"]
[WhiteTeam "SV Multatuli Ingelheim e.V."]
[BlackTeam "SK Langen"]

1. d4 d5 2. Nf3 Nf6 3. e3 Bf5 4. Bd3 Bd7 5. O-O Nc6 6. Nbd2 e6 7. Re1 Bd6 8. e4
dxe4 9. Nxe4 O-O 10. Bg5 Be7 11. Nxf6+ Bxf6 12. Bxf6 Qxf6 13. c3 Rfe8 14. Qe2
Rad8 15. Qe4 a6 16. Qxh7+ Kf8 17. Qe4 a5 18. Re3 Ke7 19. d5 Na7 20. Qc4 Rc8 21.
Qc5+ Kd8 22. Qxa7 b6 23. Qa6 exd5 24. Rxe8+ Bxe8 25. Re1 Bc6 26. Bc2 Ra8 27.
Qe2 Kc8 28. Ne5 Bb7 29. Qg4+ Qe6 30. Bf5 Qxf5 31. Qxf5+ Kb8 32. Qxf7 Ka7 33.
Qxc7 Rc8 34. Qxg7 Re8 35. Nc6+ Ka6 36. Rxe8 Bxc6 37. Re6 Kb5 38. Qf6 Bd7 39.
Rxb6+ Kc4 40. Rd6 Ba4 41. b3+ Bxb3 42. axb3+ Kxb3 43. Rxd5 a4 44. Qb6+ Kxc3 45.
Rc5+ Kd3 46. Qd6+ Ke4 47. Re5+ Kf4 48. h3 a3 49. Qf6# 1-0

[Event "Sparkassen-Open J"]
[Site "Heusenstamm, Martinsee"]
[Date "2019.11.24"]
[Round "7.8"]
[White "Gossen, Michael"]
[Black "Claussen, Alexander"]
[Result "1/2-1/2"]
[WhiteElo "1072"]
[BlackElo "1220"]
[PlyCount "128"]
[EventDate "2019.??.??"]
[WhiteTeam "TuS Makkabi Wiesbaden"]
[BlackTeam "SF Essen-Werden"]

1. e4 e6 2. d4 b6 3. Nc3 Bb7 4. Bf4 Bb4 5. Bc4 Bxe4 6. Nf3 Bxc3+ 7. bxc3 Nf6 8.
O-O d6 9. Re1 O-O 10. Ng5 Bb7 11. Bb3 Nbd7 12. Qd3 h6 13. Nf3 Re8 14. Nd2 e5
15. dxe5 dxe5 16. Be3 Ng4 17. Qg6 Qh4 18. h3 Re7 19. Qxg4 Qf6 20. Ne4 Qc6 21.
Bxh6 Qxh6 22. Re3 Kh8 23. Ng5 Rf8 24. Rf3 Bxf3 25. Nxf3 f5 26. Qb4 c5 27. Qc4
e4 28. Ne1 f4 29. Rd1 f3 30. g3 e3 31. Qh4 Qxh4 32. gxh4 exf2+ 33. Kxf2 Re2+
34. Kf1 f2 35. Nd3 Re4 36. Nxf2 Ref4 37. Rd2 Ne5 38. Kg2 Ng6 39. h5 Nh4+ 40.
Kg3 a6 41. a3 c4 42. Ba2 b5 43. Ng4 Rf3+ 44. Kxh4 Rxc3 45. Ne5 Rxa3 46. Ng6+
Kg8 47. Nxf8 Kxf8 48. Bb1 Ra1 49. Rd6 Rxb1 50. Rxa6 b4 51. Rb6 b3 52. cxb3 Rxb3
53. Rc6 Kf7 54. Rxc4 Rb6 55. Rf4+ Kg8 56. Kg5 Rb5+ 57. Rf5 Rxf5+ 58. Kxf5 Kh7
59. Kg5 Kh8 60. Kg6 Kg8 61. h4 Kh8 62. h6 gxh6 63. Kxh6 Kg8 64. Kg6 Kh8 1/2-1/2

[Event "Sparkassen-Open J"]
[Site "Heusenstamm, Martinsee"]
[Date "2019.11.24"]
[Round "7.9"]
[White "Rempe, Lennik"]
[Black "Stiehl, Richard"]
[Result "1-0"]
[WhiteElo "1167"]
[BlackElo "1205"]
[PlyCount "43"]
[EventDate "2019.??.??"]
[WhiteTeam "SK Doppelbauer Kiel"]
[BlackTeam "SV Multatuli Ingelheim e.V."]

1. e4 e5 2. Nf3 Nc6 3. Nc3 Nf6 4. Bb5 a6 5. Bxc6 dxc6 6. Nxe5 Qd4 7. Nf3 Qd8 8.
O-O Bc5 9. d3 O-O 10. Bg5 Bg4 11. e5 h6 12. exf6 hxg5 13. fxg7 Kxg7 14. h3 Bh5
15. Qe2 Re8 16. Qd2 Bxf3 17. gxf3 Qd7 18. Qxg5+ Kf8 19. Qxc5+ Re7 20. Qh5 Kg7
21. Kh1 Rh8 22. Rg1+ 1-0

[Event "Sparkassen-Open J"]
[Site "Heusenstamm, Martinsee"]
[Date "2019.11.24"]
[Round "7.10"]
[White "Himmelspacht, Maxim"]
[Black "Bogiatzis, Panagiotis"]
[Result "0-1"]
[WhiteElo "1189"]
[BlackElo "1048"]
[PlyCount "154"]
[EventDate "2019.??.??"]
[WhiteTeam "SK Gießen"]
[BlackTeam "SK Langen"]

1. e4 e5 2. Nf3 Nf6 3. Nxe5 d6 4. Nf3 Nxe4 5. d4 Nf6 6. Bd3 Nc6 7. O-O Bg4 8.
h3 Bh5 9. Re1+ Be7 10. c3 O-O 11. Bf4 d5 12. Nbd2 Re8 13. Qb3 Rb8 14. Re3 Na5
15. Qc2 Nc6 16. Rae1 Qd7 17. Bf5 Qd8 18. Bg5 h6 19. Bxf6 gxf6 20. g4 Bg6 21.
Bxg6 fxg6 22. Qxg6+ Kf8 23. Qxh6+ Kf7 24. Qh7+ Kf8 25. Qf5 Qc8 26. Qxc8 Rbxc8
27. Nh4 Bd6 28. Rxe8+ Rxe8 29. Rxe8+ Kxe8 30. Kf1 Kf7 31. Ke2 Kg7 32. Nf5+ Kg6
33. Nxd6 cxd6 34. h4 f5 35. Kf3 b5 36. a3 a5 37. Kf4 Ne7 38. f3 a4 39. Nf1 Kf6
40. Ne3 Ng6+ 41. Kg3 f4+ 42. Kf2 fxe3+ 43. Kxe3 Nxh4 44. f4 Kg6 45. Kf2 Kf6 46.
Kg3 Ng6 47. Kf3 Ne7 48. Ke3 Nc8 49. Kd2 Nb6 50. Kc2 Nc4 51. b3 Ne3+ 52. Kb2
Nxg4 53. bxa4 bxa4 54. Kc2 Ne3+ 55. Kb2 Nc4+ 56. Kc1 Nxa3 57. Kb2 Nc4+ 58. Ka2
Kf5 59. Kb1 Kxf4 60. Kc2 a3 61. Kb3 Ke3 62. Kc2 Ke2 63. Kb3 Kd2 64. Ka2 Kxc3
65. Ka1 Kxd4 66. Ka2 Ke3 67. Kb3 d4 68. Kxc4 a2 69. Kd5 a1=Q 70. Kxd6 d3 71.
Kd5 d2 72. Kd6 d1=R+ 73. Ke6 Qa5 74. Kf6 Rb1 75. Ke6 Rb6+ 76. Kd7 Qa7+ 77. Kc8
Rb8# 0-1

[Event "Sparkassen-Open J"]
[Site "Heusenstamm, Martinsee"]
[Date "2019.11.24"]
[Round "7.11"]
[White "Heller, Roan"]
[Black "Müftahi, Tunay"]
[Result "0-1"]
[WhiteElo "1490"]
[BlackElo "1002"]
[PlyCount "120"]
[EventDate "2019.??.??"]
[WhiteTeam "TuS Dotzheim"]
[BlackTeam "SK Gründau"]

1. e4 c5 2. Nf3 Nc6 3. Bc4 g6 4. Nc3 Bg7 5. d3 e6 6. Qe2 Nge7 7. Bb3 Na5 8. Bf4
a6 9. O-O Nxb3 10. axb3 O-O 11. Qe3 d5 12. exd5 exd5 13. Qxc5 d4 14. Ne4 Nd5
15. Bd6 Nf4 16. Bxf8 Bxf8 17. Qc4 Bg7 18. Rfe1 Bg4 19. Nfg5 Ne6 20. h3 Bf5 21.
g4 Bxg4 22. hxg4 Nxg5 23. Nxg5 Qxg5 24. f3 h5 25. Re2 Be5 26. Qd5 Bh2+ 27. Kxh2
Qxd5 28. Rf2 hxg4 29. fxg4 Qe5+ 30. Kg1 Kg7 31. Kf1 Rh8 32. Kg1 Qd5 33. Rh2
Rxh2 34. Kxh2 Qf3 35. Rg1 Kh6 36. Rg3 Qf4 37. Kh3 g5 38. Kh2 Qc7 39. Kh3 Qxc2
40. b4 Qxb2 41. b5 Qxb5 42. Rf3 Kg6 43. Kg3 Qe5+ 44. Kf2 a5 45. Kg2 Qe2+ 46.
Rf2 Qxf2+ 47. Kxf2 a4 48. Kg3 a3 49. Kh3 a2 50. Kg3 a1=Q 51. Kg2 Qb2+ 52. Kh3
f5 53. gxf5+ Kxf5 54. Kg3 Qc3 55. Kf3 Qxd3+ 56. Kg2 Kf4 57. Kh2 Kg4 58. Kg2
Qc2+ 59. Kh1 Kg3 60. Kg1 Qc1# 0-1

[Event "Sparkassen-Open J"]
[Site "Heusenstamm, Martinsee"]
[Date "2019.11.24"]
[Round "7.12"]
[White "Guo, Felix"]
[Black "Milman, Sophie"]
[Result "1-0"]
[WhiteElo "1045"]
[BlackElo "917"]
[PlyCount "25"]
[EventDate "2019.??.??"]
[WhiteTeam "SK Mannheim-Lindenhof"]
[BlackTeam "SC Heusenstamm"]

1. e4 e5 2. Nf3 Nc6 3. Bc4 Bc5 4. b4 Bxb4 5. c3 Bc5 6. d4 exd4 7. O-O dxc3 8.
Qb3 Nh6 9. Ng5 O-O 10. Nxc3 d6 11. Qc2 Bg4 12. e5 Nxe5 13. Qxh7# 1-0

[Event "Sparkassen-Open J"]
[Site "Heusenstamm, Martinsee"]
[Date "2019.11.24"]
[Round "7.13"]
[White "Hott, Arthur"]
[Black "Schmidt, Moritz"]
[Result "0-1"]
[WhiteElo "782"]
[BlackElo "1095"]
[PlyCount "44"]
[EventDate "2019.??.??"]
[WhiteTeam "SC Bad Soden"]
[BlackTeam "SVG Plettenberg"]

1. e4 c6 2. Nc3 d5 3. exd5 cxd5 4. d4 Nf6 5. Nf3 Bg4 6. Bf4 e6 7. Bb5+ Nc6 8.
a3 Bd6 9. Bg5 O-O 10. O-O h6 11. Bh4 Bxf3 12. gxf3 e5 13. dxe5 Bxe5 14. Rb1 a6
15. Bd3 Qd7 16. Kg2 d4 17. Ne4 Nd5 18. Re1 Nf4+ 19. Kg1 Qh3 20. Bf1 Ne2+ 21.
Bxe2 Qxh2+ 22. Kf1 Qh1# 0-1

[Event "Sparkassen-Open J"]
[Site "Heusenstamm, Martinsee"]
[Date "2019.11.24"]
[Round "7.14"]
[White "Grebe, Sabrina"]
[Black "Müller, Riyanna"]
[Result "1/2-1/2"]
[WhiteElo "1030"]
[BlackElo "1024"]
[PlyCount "93"]
[EventDate "2019.??.??"]
[WhiteTeam "SC Heusenstamm"]
[BlackTeam "SC Landskrone"]

1. e4 e5 2. Nf3 Nc6 3. Bc4 Bc5 4. c3 d6 5. d4 exd4 6. cxd4 Bb6 7. Nc3 Nf6 8.
O-O Bg4 9. d5 Ne5 10. Bd3 Nxf3+ 11. gxf3 Bh3 12. Re1 Nd7 13. f4 Qh4 14. Be3 Qh6
15. Qf3 O-O 16. Bxb6 Nxb6 17. Kh1 Qh4 18. Nb5 c6 19. dxc6 bxc6 20. Nxd6 Bg4 21.
Qg3 Qxg3 22. fxg3 Rad8 23. e5 Bf3+ 24. Kg1 f6 25. Bc4+ Nxc4 26. Nxc4 Bd5 27. b3
Bxc4 28. bxc4 fxe5 29. fxe5 Rfe8 30. Rad1 Rxd1 31. Rxd1 Rxe5 32. Rd8+ Kf7 33.
Rd6 Rc5 34. Rd7+ Kg6 35. Rxa7 Rxc4 36. a4 c5 37. Rc7 Rxa4 38. Rxc5 Ra2 39. h4
h5 40. Rg5+ Kh6 41. g4 hxg4 42. Rxg4 Ra6 43. Kg2 Rg6 44. Rxg6+ Kxg6 45. Kg3 Kf5
46. Kf3 g6 47. Kg3 1/2-1/2

[Event "Sparkassen-Open J"]
[Site "Heusenstamm, Martinsee"]
[Date "2019.11.24"]
[Round "7.15"]
[White "Jumah, Shayan"]
[Black "Angrick, Otto-Nikolaus"]
[Result "1-0"]
[WhiteElo "1249"]
[BlackElo "974"]
[PlyCount "117"]
[EventDate "2019.??.??"]
[WhiteTeam "SG Trier"]
[BlackTeam "MSA Zugzwang"]

1. e4 e5 2. Nf3 Nf6 3. Nxe5 Qe7 4. Nf3 Nxe4 5. Be2 Nc6 6. O-O Qd8 7. d3 Nf6 8.
Bg5 Be7 9. Nc3 d5 10. d4 O-O 11. Ne5 Nxe5 12. dxe5 Ne4 13. Nxe4 dxe4 14. Qxd8
Bxd8 15. Bxd8 Rxd8 16. Rad1 Rxd1 17. Rxd1 Be6 18. Rd4 Bf5 19. h4 e3 20. fxe3
Bxc2 21. Bd3 Bxd3 22. Rxd3 Re8 23. Rd7 Rc8 24. Kf2 g6 25. Kf3 Kg7 26. e6 Rf8
27. Rxc7 Kh6 28. exf7 Kg7 29. Ke2 Kf6 30. Rxb7 Rxf7 31. Rxf7+ Kxf7 32. Kf3 Kf6
33. Kf4 h6 34. b4 Ke6 35. Ke4 Kd6 36. Kd4 a6 37. a4 Kc6 38. Kc4 Kb6 39. e4 Kc6
40. b5+ axb5+ 41. axb5+ Kd6 42. e5+ Kd7 43. Kd5 Kc7 44. b6+ Kxb6 45. Kd6 Kb5
46. e6 Kc4 47. e7 Kd4 48. e8=Q g5 49. Qh8+ Ke3 50. Qxh6 Kd4 51. h5 g4 52. Qf6+
Ke3 53. Qg5+ Kf2 54. Qxg4 Kg1 55. Ke5 Kh1 56. Ke4 Kh2 57. Qh3+ Kg1 58. Ke3 Kf1
59. Qh1# 1-0

[Event "Sparkassen-Open J"]
[Site "Heusenstamm, Martinsee"]
[Date "2019.11.24"]
[Round "7.16"]
[White "González Peisker, Mateo León"]
[Black "Riemann, Adrian"]
[Result "0-1"]
[WhiteElo "970"]
[BlackElo "1307"]
[PlyCount "106"]
[EventDate "2019.??.??"]
[WhiteTeam "SV Multatuli Ingelheim e.V."]
[BlackTeam "SK Bickenbach"]

1. e4 e6 2. d4 d5 3. e5 c5 4. c3 Nc6 5. Nf3 Qb6 6. Bd3 Bd7 7. O-O cxd4 8. Be2
Bc5 9. b4 Be7 10. Nxd4 Nxd4 11. Qxd4 Qxd4 12. cxd4 Bxb4 13. Bd2 Bxd2 14. Nxd2
Ne7 15. Rab1 b6 16. Rfc1 O-O 17. Rc7 Rfd8 18. Rbc1 Nc6 19. R7xc6 Bxc6 20. Rxc6
Rac8 21. Rxc8 Rxc8 22. Nb3 Rc2 23. Bb5 Rxa2 24. g3 a6 25. Bd3 b5 26. Nc5 Kf8
27. Kg2 Ke7 28. h4 Kd8 29. Kf1 Kc7 30. Bxh7 b4 31. Bg8 Ra3 32. Bxf7 b3 33. Bxe6
b2 34. Bf5 Ra1+ 35. Kg2 a5 36. Nb7 Kxb7 37. e6 Re1 38. f3 Rxe6 39. g4 Re1 40.
g5 b1=Q 41. Bxb1 Rxb1 42. h5 Rb6 43. f4 a4 44. h6 gxh6 45. f5 hxg5 46. f6 Rxf6
47. Kh1 a3 48. Kh2 a2 49. Kg2 a1=Q 50. Kh3 Qxd4 51. Kh2 Rf3 52. Kg2 Qg4+ 53.
Kh2 Rh3# 0-1

[Event "Sparkassen-Open J"]
[Site "Heusenstamm, Martinsee"]
[Date "2019.11.24"]
[Round "7.17"]
[White "Angrick, Carl-Friedrich"]
[Black "Spelleken, Mark"]
[Result "1/2-1/2"]
[WhiteElo "1146"]
[BlackElo "961"]
[PlyCount "103"]
[EventDate "2019.??.??"]
[WhiteTeam "MSA Zugzwang"]
[BlackTeam "SC Kahl"]

1. e4 e5 2. Nf3 Nc6 3. Bc4 Bc5 4. c3 Nf6 5. d3 d6 6. O-O O-O 7. d4 exd4 8. cxd4
Bb4 9. Bg5 h6 10. Bh4 Bg4 11. Be2 a6 12. e5 dxe5 13. dxe5 Bxf3 14. exf6 Bxe2
15. Qxe2 g6 16. Qe3 Kh7 17. Bg3 Re8 18. Qf4 Ba5 19. Nc3 Re6 20. Rad1 Qc8 21.
Qh4 Bxc3 22. bxc3 Re2 23. Ra1 Rc2 24. Rfc1 Qf5 25. Qf4 Rxc1+ 26. Rxc1 Qa5 27.
Qxc7 Qxc7 28. Bxc7 Rc8 29. Bg3 b5 30. Rd1 Nb8 31. Bxb8 Rxb8 32. g3 Rc8 33. Rd6
a5 34. Ra6 b4 35. cxb4 axb4 36. Ra7 Kg8 37. Rb7 Rc1+ 38. Kg2 Ra1 39. Rxb4 Rxa2
40. Rb6 Ra7 41. h4 Kh7 42. Kh3 h5 43. g4 Kh6 44. gxh5 Kxh5 45. Rb5+ Kh6 46. Kg4
Ra4+ 47. f4 Rc4 48. Rb7 g5 49. hxg5+ Kg6 50. Rb8 Ra4 51. Rh8 Rxf4+ 52. Kxf4
1/2-1/2

[Event "Sparkassen-Open J"]
[Site "Heusenstamm, Martinsee"]
[Date "2019.11.24"]
[Round "7.18"]
[White "Henrich, Leonard"]
[Black "Gärtner, David"]
[Result "1/2-1/2"]
[WhiteElo "1006"]
[BlackElo "958"]
[PlyCount "87"]
[EventDate "2019.??.??"]
[WhiteTeam "MS Halver-Schalksmühle"]
[BlackTeam "SF Heidesheim"]

1. d4 d5 2. Nf3 Bf5 3. Bf4 Nf6 4. h3 e6 5. e3 c5 6. c3 c4 7. Nbd2 Bd6 8. Ne5
Nc6 9. Ndf3 O-O 10. g4 Bg6 11. Nxg6 fxg6 12. Ne5 Ne4 13. Bg2 Nf6 14. g5 Nd7 15.
Nxc6 bxc6 16. Bxd6 Rf7 17. h4 Nb6 18. Be5 Qe7 19. h5 Qxg5 20. Bf3 Raf8 21. Bf4
Qf5 22. Bd6 Qxf3 23. Qxf3 Rxf3 24. Bxf8 Kxf8 25. hxg6 hxg6 26. Rh8+ Ke7 27. Ke2
Rf5 28. Rah1 Na4 29. Ra8 Nxb2 30. Rxa7+ Kd6 31. Rh8 e5 32. dxe5+ Kxe5 33. Re8+
Kd6 34. Rxg7 Rf6 35. Rd8+ Kc5 36. Rb7 Nd3 37. a4 Rxf2+ 38. Kd1 Rf1+ 39. Kc2
Rc1+ 40. Kd2 Ra1 41. Ra8 Ra2+ 42. Kd1 Nf2+ 43. Kc1 Nd3+ 44. Kb1 1/2-1/2

[Event "Sparkassen-Open J"]
[Site "Heusenstamm, Martinsee"]
[Date "2019.11.24"]
[Round "7.19"]
[White "Jelinek, Tim"]
[Black "Biallas, Flynn"]
[Result "1-0"]
[WhiteElo "1224"]
[BlackElo "953"]
[PlyCount "115"]
[EventDate "2019.??.??"]
[WhiteTeam "SC Kahl"]
[BlackTeam "SV Ffm-Griesheim"]

1. d4 d5 2. Bf4 Nc6 3. e3 Nf6 4. Nc3 Bf5 5. a3 Ne4 6. Nb5 e5 7. Bxe5 Nxe5 8.
dxe5 Bc5 9. Bd3 O-O 10. Qf3 Re8 11. Qxf5 Nf6 12. O-O-O Qd7 13. Qxd7 Nxd7 14.
Bf5 Rad8 15. Nxc7 Nxe5 16. Rxd5 Rxd5 17. Nxd5 Rd8 18. Be4 f5 19. Bxf5 Nf7 20.
Nc3 Rd6 21. Nf3 Rf6 22. Bg4 Rg6 23. Bh3 h6 24. Ne4 Bb6 25. Rd1 Ng5 26. Bf5 Rc6
27. Nfxg5 hxg5 28. Nxg5 Rc5 29. e4 g6 30. Be6+ Kg7 31. Nf3 Rc6 32. Bf7 Kxf7 33.
Ne5+ Ke6 34. Nxc6 bxc6 35. f4 Be3+ 36. Kb1 Bxf4 37. h3 g5 38. Rf1 Be5 39. Rf5
Kd6 40. Rxg5 Bf6 41. Ra5 Ke6 42. Rxa7 Be5 43. Ra8 Ke7 44. a4 Kd7 45. a5 Kc7 46.
Re8 Bd4 47. c3 Bf2 48. Re7+ Kb8 49. g4 Bg3 50. g5 Bh4 51. Re8+ Kc7 52. g6 Kd6
53. g7 Kc5 54. b4+ Kc4 55. Kc2 Kb5 56. g8=Q Be7 57. Rb8+ Ka4 58. Qa2# 1-0

[Event "Sparkassen-Open J"]
[Site "Heusenstamm, Martinsee"]
[Date "2019.11.24"]
[Round "7.20"]
[White "Ninnemann, Patrick"]
[Black "Sadri, Adrian"]
[Result "0-1"]
[WhiteElo "892"]
[BlackElo "1243"]
[PlyCount "34"]
[EventDate "2019.??.??"]
[WhiteTeam "SC Bad Soden"]
[BlackTeam "SC Bad Soden"]

1. e4 e5 2. Nf3 Nc6 3. Bc4 Nf6 4. Ng5 d5 5. exd5 Nxd5 6. Nf3 Bc5 7. Bb5 Bd7 8.
Nc3 Nxc3 9. dxc3 Qe7 10. O-O a6 11. Bxc6 Bxc6 12. Re1 O-O 13. Rxe5 Rad8 14.
Rxe7 Rxd1+ 15. Ne1 Bxe7 16. Kf1 Bb5+ 17. Kg1 Rxe1# 0-1

[Event "Sparkassen-Open J"]
[Site "Heusenstamm, Martinsee"]
[Date "2019.11.24"]
[Round "7.21"]
[White "Tobias, Franziska Ylvi"]
[Black "Akcapinar, Timur"]
[Result "1/2-1/2"]
[WhiteElo "1266"]
[BlackElo "1106"]
[PlyCount "27"]
[EventDate "2019.??.??"]
[WhiteTeam "SV Oberursel"]
[BlackTeam "SF Essen-Werden"]

1. e4 c5 2. c3 d6 3. d4 cxd4 4. cxd4 Nf6 5. Nc3 g6 6. Nf3 Bg7 7. Bc4 O-O 8. e5
dxe5 9. Nxe5 Nc6 10. Bxf7+ Rxf7 11. Nxf7 Kxf7 12. O-O Qxd4 13. Qb3+ Kf8 14. Bg5
1/2-1/2

[Event "Sparkassen-Open J"]
[Site "Heusenstamm, Martinsee"]
[Date "2019.11.24"]
[Round "7.23"]
[White "Neininger, Pascal"]
[Black "von Knorre, Christoph"]
[Result "0-1"]
[WhiteElo "862"]
[BlackElo "1011"]
[PlyCount "51"]
[EventDate "2019.??.??"]
[WhiteTeam "SV Oberursel"]
[BlackTeam "VSG Offenbach"]

1. e4 e5 2. Nf3 Nc6 3. d4 exd4 4. Bc4 Nf6 5. O-O Bc5 6. e5 Ne4 7. Re1 d5 8. Bd3
Bf5 9. Nbd2 Nxd2 10. Qxd2 Be6 11. b3 Bb4 12. c3 Bxc3 13. Qe2 Bxa1 14. Ng5 Qe7
15. f4 O-O-O 16. f5 Bd7 17. e6 fxe6 18. fxe6 Be8 19. Nf3 Bc3 20. Rf1 h6 21. Qc2
Rf8 22. Ne1 Rxf1+ 23. Kxf1 Bxe1 24. Kxe1 Qh4+ 25. g3 Qe7 26. Kf1 0-1

[Event "Sparkassen-Open J"]
[Site "Heusenstamm, Martinsee"]
[Date "2019.11.24"]
[Round "7.24"]
[White "Jäger, Viktoria"]
[Black "Ilievski, Kiril"]
[Result "1-0"]
[WhiteElo "869"]
[BlackElo "753"]
[PlyCount "53"]
[EventDate "2019.??.??"]
[WhiteTeam "SK Bad Homburg"]
[BlackTeam "SC Groß-Zimmern"]

1. e4 c6 2. f3 d5 3. Nc3 Nf6 4. Bd3 e6 5. b3 Bb4 6. Bb2 O-O 7. Nge2 Bxc3 8.
Bxc3 Nbd7 9. O-O Nc5 10. Rc1 Qd6 11. e5 Qe7 12. exf6 gxf6 13. Qe1 Qd6 14. Bxf6
Nxd3 15. cxd3 b5 16. Qg3+ Qxg3 17. Nxg3 Ba6 18. Rxc6 Bb7 19. Rc7 Rab8 20. Be5
Rfc8 21. Rxc8+ Rxc8 22. Nh5 Kf8 23. Bg7+ Ke7 24. Nf6 Rc2 25. Rd1 Rxa2 26. Nxh7
Rb2 27. Bxb2 1-0

[Event "Sparkassen-Open J"]
[Site "Heusenstamm, Martinsee"]
[Date "2019.11.24"]
[Round "7.26"]
[White "Heidtkamp, Anna"]
[Black "Paschedag, Vivien"]
[Result "0-1"]
[WhiteElo "788"]
[BlackElo "923"]
[PlyCount "40"]
[EventDate "2019.??.??"]
[WhiteTeam "Düsseldorfer SV"]
[BlackTeam "SC Heusenstamm"]

1. e4 e5 2. Nf3 Nc6 3. Bc4 Bc5 4. c3 Nf6 5. d4 exd4 6. cxd4 Bb6 7. O-O Nxe4 8.
Re1 d5 9. Bd3 Bf5 10. Bxe4 Bxe4 11. Nc3 f5 12. Bg5 Qd6 13. Nxe4 fxe4 14. a3 O-O
15. Qb3 exf3 16. gxf3 Nxd4 17. Be7 Qg6+ 18. Kf1 Nxb3 19. Rad1 Rxf3 20. Bb4
Rxf2# 0-1

[Event "Sparkassen-Open J"]
[Site "Heusenstamm, Martinsee"]
[Date "2019.11.24"]
[Round "7.27"]
[White "Ramien, Eva"]
[Black "Claussen, Daniela"]
[Result "0-1"]
[WhiteElo "798"]
[BlackElo "870"]
[PlyCount "84"]
[EventDate "2019.??.??"]
[WhiteTeam "SG Porz"]
[BlackTeam "SF Essen-Werden"]

1. e4 e6 2. Nf3 b6 3. d4 Bb7 4. Nc3 Bb4 5. Bb5 Bxe4 6. O-O Bb7 7. Bg5 Nf6 8. a3
Bd6 9. h3 c6 10. Bc4 h6 11. Bh4 g5 12. Bg3 Bxg3 13. fxg3 c5 14. dxc5 bxc5 15.
Qd6 Ne4 16. Nxe4 Bxe4 17. Qxc5 d6 18. Qd4 O-O 19. Qxe4 d5 20. Qd4 Nc6 21. Qc5
Qc7 22. Ba2 Rfc8 23. Qf2 Qb6 24. Qxb6 axb6 25. b4 Rxa3 26. b5 Nb4 27. Ne5 Nxc2
28. Rxf7 Nxa1 29. Bb1 Rc1+ 30. Kh2 Rxb1 31. Rb7 Nc2 32. Rxb6 Raa1 33. Rb8+ Kg7
34. Rb7+ Kf6 35. Rf7+ Kxe5 36. g4 Rh1+ 37. Kg3 Ra3+ 38. Kf2 Kd4 39. b6 Rd1 40.
b7 Rd2+ 41. Kg1 Rb3 42. Kf1 Rb1# 0-1

[Event "Sparkassen-Open J"]
[Site "Heusenstamm, Martinsee"]
[Date "2019.11.24"]
[Round "7.28"]
[White "Glavev, Danail"]
[Black "Gärtner, Anna"]
[Result "1/2-1/2"]
[WhiteElo "829"]
[BlackElo "779"]
[PlyCount "77"]
[EventDate "2019.??.??"]
[WhiteTeam "SV Oberursel"]
[BlackTeam "SF Heidesheim"]

1. e4 e6 2. Nc3 Nf6 3. Nf3 Bb4 4. d3 O-O 5. Bd2 d5 6. exd5 exd5 7. d4 Bf5 8. g3
c5 9. dxc5 Bxc5 10. Bg2 Nc6 11. O-O Qe7 12. Re1 Qd7 13. Bg5 Qd8 14. Ne5 Nxe5
15. Rxe5 h6 16. Bxf6 Qxf6 17. Rxd5 Bb6 18. Rd6 Qe5 19. Rd5 Qf6 20. Rd6 Qg5 21.
h4 Qg4 22. Bf3 Qxg3+ 23. Kh1 Qxf2 24. Nd5 Qxh4+ 25. Kg2 Bc5 26. Qe1 Qxe1 27.
Rxe1 Bxd6 28. c4 Rae8 29. Rg1 Bc5 30. Rh1 g5 31. Nf6+ Kg7 32. Nxe8+ Rxe8 33.
Bxb7 Re2+ 34. Kf3 Rxb2 35. Bd5 Rxa2 36. Kg3 a5 37. Rf1 Be6 38. Rb1 Ra3+ 39. Kg2
1/2-1/2

[Event "Sparkassen-Open J"]
[Site "Heusenstamm, Martinsee"]
[Date "2019.11.24"]
[Round "7.29"]
[White "Plaumann, Finja"]
[Black "Kanno, Gabriel Felix"]
[Result "1-0"]
[WhiteElo "820"]
[BlackElo "726"]
[PlyCount "65"]
[EventDate "2019.??.??"]
[WhiteTeam "SF Heidesheim"]
[BlackTeam "SK Altenkirchen"]

1. d4 d5 2. c4 Bg4 3. f3 Bf5 4. Nc3 e6 5. Bf4 Bb4 6. a3 Bxc3+ 7. bxc3 Nf6 8. e3
O-O 9. Ne2 Nfd7 10. Ng3 Nc6 11. Nxf5 exf5 12. Bd3 Qh4+ 13. Bg3 Qh6 14. O-O
Qxe3+ 15. Bf2 Qh6 16. cxd5 Ne7 17. c4 Qb6 18. c5 Qa5 19. Re1 Nxd5 20. Bxf5 N7f6
21. Bc2 Rae8 22. Rf1 Re6 23. Bh4 Qc3 24. Bxf6 Qe3+ 25. Rf2 Rxf6 26. Qd3 Qxd3
27. Bxd3 Re6 28. f4 Rfe8 29. h3 Re1+ 30. Rxe1 Rxe1+ 31. Kh2 Ra1 32. Re2 h6 33.
Re8# 1-0

[Event "Sparkassen-Open J"]
[Site "Heusenstamm, Martinsee"]
[Date "2019.11.24"]
[Round "7.31"]
[White "Basoglu, Jakob"]
[Black "Müller, Mirelle-Fabienne"]
[Result "1-0"]
[WhiteElo "945"]
[BlackElo "847"]
[PlyCount "97"]
[EventDate "2019.??.??"]
[WhiteTeam "SC Heusenstamm"]
[BlackTeam "SC Landskrone"]

1. e4 e5 2. Nf3 Nc6 3. d4 d5 4. exd5 Qxd5 5. Nc3 Qd8 6. dxe5 Qxd1+ 7. Nxd1 Nb4
8. Bd3 a6 9. O-O Bc5 10. a3 Nc6 11. Be3 Ba7 12. Bxa7 Rxa7 13. Nc3 Bg4 14. Ng5
Nxe5 15. Rfe1 f6 16. h3 Bd7 17. f4 fxg5 18. Rxe5+ Ne7 19. Nd5 O-O 20. Nxe7+ Kh8
21. fxg5 Re8 22. Rae1 b5 23. Ng6+ hxg6 24. Rxe8+ Bxe8 25. Rxe8+ Kh7 26. Re6 Kg8
27. Bxg6 Ra8 28. Re7 c5 29. Re8+ Rxe8 30. Bxe8 c4 31. Kf2 Kf8 32. Bc6 Ke7 33.
Bb7 Kd6 34. Bxa6 Kc5 35. b3 c3 36. Ke3 b4 37. axb4+ Kxb4 38. g3 Kc5 39. h4 Kb4
40. h5 Ka3 41. Kd3 Kb2 42. h6 g6 43. h7 Ka3 44. h8=Q Kb4 45. Qxc3+ Ka3 46. Kd2
Ka2 47. Kc1 Ka3 48. Qc5+ Ka2 49. Qa5# 1-0